Guess the Fusion Rock Song Lyrics #285 - Statistics

General Stats
  • This quiz has been taken 15 times
  • The average score is 266 of 359
Answer Stats
Answer % Correct
I
100%
me
100%
the
100%
a
93%
A
93%
he
93%
He
93%
on
93%
so
93%
to
93%
To
93%
And
86%
and
86%
his
86%
In
86%
my
86%
see
86%
this
86%
was
86%
with
86%
all
79%
by
79%
for
79%
had
79%
him
79%
if
79%
life
79%
one
79%
then
79%
there
79%
as
71%
As
71%
boy
71%
good
71%
just
71%
Killing
71%
knew
71%
Oh
71%
oh
71%
out
71%
right
71%
softly
71%
song
71%
that
71%
through
71%
words
71%
But
64%
eyes
64%
fingers
64%
looked
64%
read
64%
Strummin
64%
strummin
64%
whole
64%
came
57%
felt
57%
found
57%
heard
57%
pain
57%
wasn't
57%
while
57%
would
57%
Yeah
57%
young
57%
kept
50%
letters
50%
sang
50%
Singin
50%
singin
50%
each
43%
flushed
43%
La
43%
la
43%
listen
43%
loud
43%
stranger
43%
style
43%
Tellin
43%
ah
36%
dark
36%
Embarrassed
36%
fever
36%
finish
36%
prayed
36%
Roberta Flack
36%
despair
29%
clear
21%
crowd
21%
strong
21%
No matching quizzes found
Score Distribution
Percent of People with Each Score
Percentile by Number Answered
Your Score History
You have not taken this quiz